• 首页
  • 本馆介绍
  • 公告通知
  • 最新文献
  • 馆藏检索
  • 电子资源
  • 读者导购
  • 参考咨询
  • 我的图书馆
  • 登录
  • 详细信息显示
  • 放入我的书架
  • 预约/预借图书
  • 作者相关作品
  • 分类相关作品
  • 丛书相关作品
  • 出版社相关作品

书目信息

  • 表格格式
  • 工作单格式
  • 卡片格式
书名: The picture of Dorian Gray and other writings
作者: by Oscar Wilde ; edited with an introduction by Richard Ellmann.
分册号:
分册名:
出版地: New York ;
 
出版社: Bantam Books
出版时间: c1982.
页数: xix, 487 p. ;
开本: 18 cm.
丛书名:
中图分类号:
科图分类号:
其他分类号: I561.14
主题词:
电子资源:
000 01145cam 2200325 a 4500
001 E0729823265
005 20070227082145.48
008 941027s1982 nyu 000 1 eng
010    @a 84025541 //r942
020    @a0553212540.
020    @a0553210963 (pbk.).
040    @aDLC@cNKL@dHST
050 00 @aPR5819@b.A1 1985
082 00 @a823/.8 @2 19
090    @aI561.14/X15
090    @aI561.14
093    @aI561.14 @2 4
099    @dI561.14@ex19
100 1  @aWilde, Oscar,@d1854-1900.
245 14 @aThe picture of Dorian Gray and other writings / @cby Oscar Wilde ; edited with an introduction by Richard Ellmann.
260    @aNew York ;@aTortonto :@bBantam Books,@cc1982.
300    @axix, 487 p. ;@c18 cm.
490 1  @aBantam classics
505 00 @tThe picture of Dorian Gray --@tLady Windermere's fan --@tSalome --@tAn ideal husband --@tThe importance of being earnest --@tThe ballad of Reading Gaol.
650  0 @aSoul@vFiction.
650  0 @aPortraits@vFiction.
650  0 @aFuture life@vFiction.
700 1  @aEllmann, Richard,@d1918-
830  0 @aBantam classic
920    @a232010@z2
    
    The picture of Dorian Gray and other writings / / by Oscar Wilde ; edited with an introduction by Richard Ellmann.-New York ; ; Tortonto : : Bantam Books, , c1982.
    xix, 487 p. ; ; 18 cm.- (Bantam classics )
    
    
    ISBN 0553212540.
    
●
相关链接 在E读中查询图书 在五车中查询图书 在当当中查询图书 在豆瓣中查询图书


正题名:picture of Dorian Gray and other writings     索取号:I561.14/x19         预约/预借

序号 登录号 条形码 馆藏地/架位号 状态 备注
1 181590   001683011   第二样本阅览室/ [索取号:I561.14/x19] 在馆    
2 181591   001682977   第四借阅区/ [索取号:I561.14/x19] 在馆    
3 181592   001682986   第四借阅区/ [索取号:I561.14/x19] 在馆    
4 181593   001682995   第四借阅区/ [索取号:I561.14/x19] 在馆    
5 181594   001683002   第四借阅区/ [索取号:I561.14/x19] 在馆    
唐山师范学院图书馆 欢迎您!
大连网信软件有限公司© 版权所有